000 00338nam a2200145Ia 4500
005 20251222152042.0
008 251222s9999||||xx |||||||||||||| ||spa||
020 _a8471142554
082 _a633.208/R93
100 _aRuiz Altisent, M.
245 0 _aProducción de Forraje
250 _a4ta.ed.
264 _bMundi Prensa
942 _cLIB
999 _c26068
_d26068